La violencia en el sistema educativo: del daño que las escuelas causan a los niños
שמור ב:
| Main Authors: | , |
|---|---|
| פורמט: | ספר |
| שפה: | ספרדית |
| יצא לאור: |
Madrid
La Muralla
1999
|
| סדרה: | Aula Abierta
|
| נושאים: | |
| תגים: |
הוספת תג
אין תגיות, היה/י הראשונ/ה לתייג את הרשומה!
|
MARC
| LEADER | 00000nam a2200000 a 4500 | ||
|---|---|---|---|
| 001 | UCL9471 | ||
| 003 | CL-VaPUC | ||
| 008 | 040806e19990000SP |||||||||||||||||spa|d | ||
| 020 | |a 8471336898 | ||
| 082 | 0 | 4 | |a 371.782 |b ROS |2 21 |
| 100 | 0 | |a Ross Epp, Juanita |e author |9 487295 | |
| 700 | 0 | |a Watkinson, Ailsa M |e author |9 487296 | |
| 245 | 1 | 3 | |a La violencia en el sistema educativo: del daño que las escuelas causan a los niños |
| 300 | |a 287 p | ||
| 942 | |c BK | ||
| 945 | |d 20040806 00:00:00 |a cmena | ||
| 260 | |a Madrid |b La Muralla |c 1999 | ||
| 650 | 0 | |a Violencia escolar |9 453211 | |
| 650 | 0 | |a Influencia social |9 309315 | |
| 650 | 0 | |a Maltrato infantil |9 324690 | |
| 650 | 0 | |a Cambio social |9 256857 | |
| 650 | 0 | |a Rol del docente |9 329733 | |
| 583 | |a last modification |c 20040806 00:00:00 |k Rodrigo Vera | ||
| 490 | 0 | |a Aula Abierta | |
| 999 | |c 310239 |d 310237 | ||
| 952 | |0 0 |1 0 |4 0 |6 371_782000000000000_ROS_1999 |7 0 |8 A |9 378516 |a BIBEDU |b BIBEDU |d 2019-11-21 |i 4047141 |o 371.782 ROS 1999 |p 4047141 |r 2019-11-21 |w 2019-11-21 |y BK |k PAR | ||